Detalles MARC
| 000 -LIDER |
| fixed length control field |
01503nam a2200301 a 4500 |
| 001 - NÚMERO DE CONTROL |
| Identificador de número de control |
000008373 |
| 003 - IDENTIFICACDOR DE NÚMERO DE CONTROL |
| control field |
DO-SdBNP |
| 005 - DATE AND TIME OF LATEST TRANSACTION |
| control field |
20251020122127.0 |
| 007 - CAMPOS FIJOS DE DESCRIPCIÓN FÍSICA |
| fixed length control field |
000008373 |
| 008 - ELEMENTOS DE LONGITUD FIJA |
| fixed length control field |
090916s2002 dr 000 j spa d |
| 020 ## - ISBN |
| International Standard Book Number |
9993491225 |
| 040 ## - FUENTE DE CATALOGACIÓN |
| Agencia que crea de manera original el registro |
BPMSU |
| Idioma de catalogación |
spa |
| Agencia que realiza la transcripción |
BPMSU |
| 082 #4 - NÚMERO DE CLASIFICACIÓN DECIMAL DE DEWEY |
| Classification number |
H863 |
| Item number |
U54r 2002 |
| Edition number |
22 |
| 111 2# - ASIENTO PRINCIPAL--NOMBRE DE REUNIÓN O CONFERENCIA |
| Nombre de reunión o jurisdicción como elemento de entrada |
Premio Internacional de Cuento Casa de Teatro |
| Fecha de la reunión |
(2002 : |
| Lugar de la reunión |
Santo Domingo) |
| 245 00 - MENCIÓN DE TITULO |
| Título |
Un ruinoso café en el París de entonces / |
| Mención de responsabilidad |
edición Vivian Lechuga. |
| 260 ## - PUBLICACIÓN, DISTRIBUCIÓN, ETC. (PIE DE IMPRENTA) |
| Lugar de publicación, distribución, etc |
Santo Domingo : |
| Nombre del editor, distribuidor, etc. |
Casa de Teatro, |
| Fecha de publicación, distribución, etc |
2002. |
| 300 ## - DESCRIPCIÓN FÍSICA |
| Extensión |
173 p. ; |
| Dimensiones |
21 cm. |
| 505 0# - NOTA DE CONTENIDO |
| Texto normalizado de contenido |
Los cronopios, las putas y un ruinoso café en el París de entonces/ |
| Mención de responsabilidad |
Amir Valle -- |
| Título |
Alma de mar/ |
| Mención de responsabilidad |
Rafael Gómez -- |
| Texto normalizado de contenido |
¡Travesuras de muchachos!/ |
| Mención de responsabilidad |
Leo Silverio -- |
| Título |
Mi adorada matrioshka/ |
| Mención de responsabilidad |
Emilio Aragón Colvile -- |
| Título |
La antena/ |
| Mención de responsabilidad |
Miguel Bucarelli -- |
| Título |
Macario/ |
| Mención de responsabilidad |
Maria Jozer Florez -- |
| Texto normalizado de contenido |
El bacá/ |
| Mención de responsabilidad |
Herman R. Mella chavier -- |
| Título |
Instantes de confusión/ |
| Mención de responsabilidad |
Rafael Nolasco Morel -- |
| Título |
Para Elisa, que es mi vida... / |
| Mención de responsabilidad |
Federico Sánchez -- |
| Título |
Flor de sabana / |
| Mención de responsabilidad |
Jesús Segura Martínez -- |
| Título |
El viejo cumpleaños de Erasmo/ |
| Mención de responsabilidad |
Ramón Enrique Molina. |
| 586 ## - AWARDS NOTE |
| Awards note |
Premio Internacional de Cuento Casa de Teatro, 2002 |
| 590 ## - NOTA LOCAL |
| Texto de la nota local |
Inventariado, 2024/VM |
| 650 #4 - ENCABEZAMIENTO DE MATERIA--TEMÁTICO |
| Término temático o nombre geográfico como elemento de entrada |
Cuentos hispanoamericanos |
| Subdivisión cronológica |
Siglo XX |
| 650 #4 - ENCABEZAMIENTO DE MATERIA--TEMÁTICO |
| Término temático o nombre geográfico como elemento de entrada |
Literatura hispanoamericana |
| 650 #4 - ENCABEZAMIENTO DE MATERIA--TEMÁTICO |
| Término temático o nombre geográfico como elemento de entrada |
Cuentos dominicanos |
| 650 #4 - ENCABEZAMIENTO DE MATERIA--TEMÁTICO |
| Término temático o nombre geográfico como elemento de entrada |
Certámenes literarios |
| 700 1# - ASIENTO SECUNDARIO -- NOMBRE PERSONAL |
| Nombre personal |
Lechuga, Vivian, |
| Mención de responsabilidad |
editor |
| 710 2# - ASIENTO SECUNDARIO -- NOMBRE CORPORATIVO |
| Nombre corporativo o de jurisdicción |
Casa de Teatro (República Dominicana) |
| 942 ## - ADDED ENTRY ELEMENTS (KOHA) |
| Source of classification or shelving scheme |
Dewey Decimal Classification |
| Koha item type |
Libros |